Normal view
MARC view
- تأليف: ابن هشام ؛ حققها وضبطها وشرحها: مصطفى السقا، ابراهيم الابياري، عبدالحفيظ شلبي ؛ وضع فهارسها من جديد: معروف زريق
Entry Personal Name
001 - CONTROL NUMBER
- control field: 59124
003 - CONTROL NUMBER IDENTIFIER
- control field: JO-AjAnu
005 - DATE AND TIME OF LATEST TRANSACTION
- control field: 20230606083654.0
008 - FIXED-LENGTH DATA ELEMENTS
- fixed length control field: 230606|| aca||aabn | a|a d
040 ## - CATALOGING SOURCE
- Original cataloging agency: JO-AjAnu
- Transcribing agency: JO-AjAnu
100 ## - HEADING--PERSONAL NAME
- Personal name: تأليف: ابن هشام ؛ حققها وضبطها وشرحها: مصطفى السقا، ابراهيم الابياري، عبدالحفيظ شلبي ؛ وضع فهارسها من جديد: معروف زريق
670 ## - SOURCE DATA FOUND
- Source citation: Work cat.: (JO-AjAnu)30158: تأليف: ابن هشام ؛ حققها وضبطها وشرحها: مصطفى السقا، ابراهيم الابياري، عبدالحفيظ شلبي ؛ وضع فهارسها من جديد: معروف زريق, author, السيرة النبوية، ج1-2